Pokemon de A-Z Gen 5 - Statistiques

Statistiques générales
  • Ce quiz a été pris 43 fois
  • Le résultat moyen est 17 sur 21
Statistiques - réponses
Lettre Type 1 Type 2 Stage Réponse % Correct
Z Dragon Électrik 1/1 Zekrom
94%
C Psy Vol 1/1 Cryptéro
91%
K Dragon Glace 1/1 Kyurem
91%
N Plante Acier 2/2 Noacier
91%
E Électrik Vol 1/1 Emolga
89%
J Combat X 1/1 Judokrak
89%
R Feu Combat 3/3 Roitiflam
89%
M Sol Ténèbres 1/3 Mascaiman
86%
P Normal Vol 1/3 Poichigeon
86%
A Roche Vol 1/2 Arkéapti
83%
I Dragon X 2/3 Incisache
83%
V Eau Spectre 1/2 Viskuse
83%
D Plante Fée 1/2 Doudouvet
80%
O Électrik X 3/3 Ohmassacre
80%
F Plante Fée 2/2 Farfaduvet
77%
S Psy X 3/3 Sidérella
77%
T Roche Combat 1/1 Terrakium
77%
B Vol X 1/1 Boréas
74%
H Normal Plante 2/2 Haydaim
71%
G Plante Poison 2/2 Gaulet
60%
L Insecte X 2/2 Limaspeed
60%
Aucun quiz correspondant
Distribution des résultats
% des personnes avec chaque résultat
Percentile par nombre de réponses
Votre historique - résultats
Vous n’avez pas pris ce quiz